| 000 | 01373nam0a2200349 4500 | ||
|---|---|---|---|
| 001 | RU\NLR\BIBL_A\010915074 | ||
| 005 | 20250624201224.0 | ||
| 010 |
_a978-5-00086-881-2 _9300 |
||
| 021 |
_aRU _b2015-87821 _95400 |
||
| 035 | _a(NILC)RuMoRGB-008067305 | ||
| 035 | _a(NLR Aleph) 010915074 | ||
| 090 |
_a10649972 _c10649972 |
||
| 100 | _a20151201d2015 |||y0rusy50 ca | ||
| 101 | 0 | _aeng | |
| 102 | _aRU | ||
| 105 | _ay z 000yy | ||
| 200 | 1 |
_aAssessment of active social policies' impact of social policies on transformation processes in Bulgarian economy _fVenelin Terziev |
|
| 210 |
_aMoscow _cПеро _d2015 |
||
| 215 |
_a110 с. _d21 |
||
| 320 | _aБиблиогр.: с. 108-110 (20 назв.) | ||
| 541 | 1 | _aОценка активности влияния социальной политики на трансформационные процессы в болгарской экономике | |
| 606 | 1 |
_aСоциальная политика _yБолгария _91158930 _3RU\NLR\AUTH\66145465 |
|
| 606 | 1 |
_aТранзитивная экономика _yБолгария _92332833 _3RU\NLR\AUTH\661394897 |
|
| 675 | _a338 | ||
| 686 | 1 | _aУ27(4Бл)2 | |
| 686 | 1 | _aУ9(4Бл)-17 | |
| 700 | 1 |
_aTerziev _bV. _f1970- _gVenelin |
|
| 801 | 0 |
_aRU _bРГБ _c20151112 _gRCR |
|
| 942 | _cBOOK | ||
| 980 | _aNB | ||